00955nam a22002535a 4500008004100000020001900041040004100060082001900101100002300120245006900143250002400212260005700236300003300293500002400326504003100350650003500381650003500416651001000451653004500461700001900506942001900525999001700544952014000561150818t2010 ii a frb 001 0 eng d a9788120335264  aEG-ScBUE bengcEG-ScBUE dEG-ScBUE 04a621.8bJAI222 aJain, K. C.93892010aTextbook of production engineering /cK. C. Jain, A. K. Chitale. aEastern economy ed. aNew Delhi :bPHI Learning Private Limited ,cc.2010. axx, 776 p. :bill. ;c24 cm. aIndex : p. 771-776. aBibliography : p. 763-770. 0aMechanical engineering.2BUEsh 0aProduction engineering.2BUEsh 2BUEsh bENGGENbENGMECcAugust2015cDecember20151 aChitale, A. K. 2ddck621.8 JAI c20599d20571 00102ddc40708BaccahaMAINbMAINc1STd2015-08-18ePurchaseg140.00h21761l0o621.8 JAIp000030694r2025-07-15 00:00:00v175.00yBB